Think - and - do book : to accompany Guess Who / (Record no. 102976)
[ view plain ]
| 000 -LEADER | |
|---|---|
| fixed length control field | 00464nam a2200145 a 4500 |
| 005 - DATE AND TIME OF LATEST TRANSACTION | |
| control field | 20140412111247.0 |
| 008 - FIXED-LENGTH DATA ELEMENTS--GENERAL INFORMATION | |
| fixed length control field | 001117s19uu xx 00 eng d |
| 050 ## - LIBRARY OF CONGRESS CALL NUMBER | |
| Classification number | TR(GS 428.6 |
| Item number | GRA |
| 100 ## - MAIN ENTRY--PERSONAL NAME | |
| Personal name | Gray Williams |
| 245 ## - TITLE STATEMENT | |
| Title | Think - and - do book : to accompany Guess Who / |
| Statement of responsibility, etc | William S. Gray, A. Sterl Artley, and Marion Monroe; illustrated by Miriam & Arch Huford. |
| 300 ## - PHYSICAL DESCRIPTION | |
| Extent | 48 p. |
| 440 ## - SERIES STATEMENT/ADDED ENTRY--TITLE | |
| Title | The New Basic Readers |
| 650 ## - SUBJECT ADDED ENTRY--TOPICAL TERM | |
| Topical term or geographic name as entry element | Reading |
| Withdrawn status | Lost status | Damaged status | Home library | Current library | Shelving location | Date acquired | Total Checkouts | Full call number | Barcode | Date last seen | Price effective from | Koha item type |
|---|---|---|---|---|---|---|---|---|---|---|---|---|
| Elizalde Library | Elizalde Library | Teachers Reference Section | 11/17/2000 | TR(GS 428.6 GRA | E3494 | 04/12/2014 | 04/12/2014 | Books |